[Event "Reykjavik Open 2024"]
[Site "Reykjavik ISL"]
[Date "2024.03.19"]
[Round "7.51"]
[White "Bulmaga, Irina"]
[Black "Bik, Wouter"]
[Result "1-0"]
[WhiteTitle "IM"]
[WhiteElo "2429"]
[BlackElo "1998"]
[WhiteFideId "13903063"]
[BlackFideId "1037749"]
[EventDate "2024.03.15"]

1. e4 g6 2. d4 Bg7 3. Nf3 d6 4. Nc3 a6 5. a4 b6 6. Be2 Bb7 7. O-O Nf6 8. e5 dxe5
9. Nxe5 O-O 10. Bf3 Nd5 11. Nxd5 Bxd5 12. c4 Bxf3 13. Qxf3 Ra7 14. Rd1 f6 15.
Ng4 h5 16. Ne3 Nd7 17. Qe4 Kh7 18. Nd5 e5 19. dxe5 Nxe5 20. Bf4 Qe8 21. Bxe5 f5
22. Qf3 Qxe5 23. Rab1 Re8 24. h3 Raa8 25. Nf4 Rad8 26. Qg3 Qf6 27. h4 c6 28.
Rxd8 Rxd8 29. Re1 Rd6 30. a5 c5 31. Nd5 Rxd5 32. cxd5 Qxb2 33. axb6 Qxb6 34. Re6 1-0

[Event "Reykjavik Open 2024"]
[Site "Reykjavik ISL"]
[Date "2024.03.19"]
[Round "7.52"]
[White "Domalchuk-Jonasson, Aleksandr"]
[Black "Phan, Stefanus Kf"]
[Result "1-0"]
[WhiteTitle "FM"]
[WhiteElo "2355"]
[BlackElo "2019"]
[WhiteFideId "14142805"]
[BlackFideId "5806283"]
[EventDate "2024.03.15"]

1. c4 c6 2. d4 d5 3. Nf3 Nf6 4. Qb3 dxc4 5. Qxc4 g6 6. Nc3 Bg7 7. e4 O-O 8. Be2
b5 9. Qb3 a5 10. e5 Be6 11. exf6 Bxb3 12. fxg7 Kxg7 13. axb3 Na6 14. O-O Nb4 15.
Bf4 Qb6 16. Ne4 Rfd8 17. Rfc1 f6 18. Nc5 Kf7 19. g3 Nd5 20. Bd2 Nc7 21. Rc2 Nd5
22. Bf1 g5 23. Bh3 h5 24. Bf5 Nc7 25. Rac1 g4 26. Nh4 e6 27. Nxe6 Nxe6 28. Rxc6
Qxd4 29. Bxe6+ Ke8 30. Bc3 Qe4 31. Bxf6 Rd1+ 32. Rxd1 Qxc6 33. Re1 1-0

[Event "Reykjavik Open 2024"]
[Site "Reykjavik ISL"]
[Date "2024.03.19"]
[Round "7.53"]
[White "Stelmaszyk, Nico"]
[Black "Frank, Anton 2006"]
[Result "1-0"]
[WhiteTitle "FM"]
[WhiteElo "2347"]
[BlackElo "1996"]
[WhiteFideId "16200462"]
[BlackFideId "1752383"]
[EventDate "2024.03.15"]

1. e4 e5 2. Nf3 Nc6 3. Bb5 Nf6 4. O-O Nxe4 5. Re1 Nd6 6. a4 Be7 7. Nc3 a6 8. Bf1
e4 9. Nxe4 Nxe4 10. Rxe4 d5 11. Re1 d4 12. h3 Be6 13. d3 O-O 14. b3 Bd5 15. Bd2
Qd7 16. Be2 Rae8 17. Nh2 Bd6 18. a5 Re6 19. Bf3 Bxf3 20. Nxf3 Rfe8 21. Ra4 Rxe1+
22. Bxe1 Qe6 23. Bd2 Qd5 24. Qa1 Re2 25. Kf1 Re6 26. Bc1 Rg6 27. Bb2 Bc5 28. Qe1
Re6 29. Qd2 Qd6 30. Qg5 h6 31. Qc1 Bb4 32. Ba3 Qc5 33. Bxb4 Nxb4 34. Qd2 Nc6 35.
Rc4 Qd5 36. b4 Re7 37. Qf4 Rd7 38. h4 Qd6 39. Qg4 Rd8 40. h5 Kh8 41. Qf5 Qd7 42.
Qf4 Kg8 43. Ne5 Nxe5 44. Qxe5 c6 45. Qe4 Qd5 46. Qe7 Qd7 47. Qe5 Qd6 48. Rc5
Qxe5 49. Rxe5 Kf8 50. Ke2 f6 51. Rc5 Rd5 52. Kf3 Ke7 53. Rxd5 cxd5 54. Kf4 Ke6
55. g4 Ke7 56. Kf5 Kf7 57. f4 Ke7 58. Kg6 Kf8 59. g5 fxg5 60. fxg5 hxg5 61. Kxg5
Kg8 62. Kg6 Kf8 63. Kf5 Kg8 64. Ke5 Kh7 65. Kxd5 Kh6 66. Kxd4 Kxh5 67. Ke3 Kg5
68. d4 Kf5 69. d5 g5 70. c4 g4 71. d6 Ke6 72. c5 1-0

[Event "Reykjavik Open 2024"]
[Site "Reykjavik ISL"]
[Date "2024.03.19"]
[Round "7.54"]
[White "Andersen, Lars Christoff"]
[Black "Ragnarsson, Dagur"]
[Result "0-1"]
[BlackTitle "IM"]
[WhiteElo "1993"]
[BlackElo "2337"]
[WhiteFideId "1412760"]
[BlackFideId "2304058"]
[EventDate "2024.03.15"]

1. c4 e5 2. Nc3 Nf6 3. Nf3 Nc6 4. e4 Bb4 5. d3 h6 6. Be2 O-O 7. O-O Bxc3 8. bxc3
d6 9. Ne1 Nh7 10. Nc2 f5 11. exf5 Bxf5 12. Ne3 Be6 13. Bg4 Qd7 14. Bxe6+ Qxe6
15. Nd5 Rf7 16. Rb1 b6 17. Qe2 Re8 18. Qe4 Nd8 19. Re1 Qd7 20. Rb2 Ne6 21. Be3
Neg5 22. Bxg5 Nxg5 23. Qe2 Ref8 24. Rf1 Ne6 25. Rd2 c6 26. Nb4 a5 27. Nc2 Qd8
28. d4 Qg5 29. Qe3 Nf4 30. f3 exd4 31. Qxd4 Rf6 32. Rfd1 c5 33. Qe4 Re6 34. Qb7
Rfe8 35. Kh1 Qg6 36. Qd7 Kh7 37. h3 R8e7 38. Qc8 Qg3 39. Rg1 h5 40. Qf8 Qg5 41.
g4 Ng6 42. f4 Qxf4 43. Qxf4 Nxf4 44. gxh5 Re2 45. Rgd1 Nxh3 0-1

[Event "Reykjavik Open 2024"]
[Site "Reykjavik ISL"]
[Date "2024.03.19"]
[Round "7.55"]
[White "Pigott, John C"]
[Black "Acarbay, Algi"]
[Result "1/2-1/2"]
[WhiteTitle "IM"]
[WhiteElo "2326"]
[BlackElo "1981"]
[WhiteFideId "400459"]
[BlackFideId "6303692"]
[EventDate "2024.03.15"]

1. e4 c5 2. Nf3 d6 3. d4 cxd4 4. Nxd4 Nf6 5. Nc3 a6 6. Bd3 e5 7. Nde2 Be7 8. O-O
O-O 9. Ng3 b5 10. Kh1 b4 11. Na4 Re8 12. Be3 Nbd7 13. c3 a5 14. Qe2 Bb7 15. Rfd1
Qb8 16. Bb5 Rd8 17. f3 Nc5 18. Nf5 Bf8 19. Bg5 Nxa4 20. Bxa4 d5 21. Bxf6 gxf6
22. Bb3 bxc3 23. bxc3 Qc8 24. a4 Rb8 25. Qf2 Qxc3 26. Bxd5 Bxd5 27. exd5 Rxd5
28. Qg3+ Kh8 29. Qh4 Rb6 30. h3 Rxd1+ 31. Rxd1 Qc2 32. Rd8 Qxf5 33. Rxf8+ Kg7
34. Ra8 Rb1+ 35. Kh2 Qg6 36. Rxa5 h5 37. Qf2 Qg5 38. f4 Qxf4+ 39. Qxf4 exf4 40.
Rxh5 Ra1 41. a5 Kg6 42. Rb5 f5 43. h4 f6 44. Rc5 Kh5 45. Rxf5+ Kxh4 46. Rxf6
Rxa5 47. Rxf4+ Kg5 48. Rb4 Ra3 49. g3 Ra2+ 50. Kh3 Ra5 51. Rg4+ Kh5 52. Rg8 Ra2
53. g4+ Kh6 54. Rh8+ Kg5 55. Rh5+ Kg6 56. Rb5 Ra3+ 57. Kh4 Ra6 58. Re5 Rb6 59.
Kg3 Rb3+ 60. Kf4 Rb4+ 61. Kg3 Rb3+ 62. Kh4 Rb6 63. Ra5 Rc6 64. Ra8 Rb6 65. Rg8+
Kh7 66. Rg5 Kh6 67. Rd5 Kg6 68. Rc5 1/2-1/2

[Event "Reykjavik Open 2024"]
[Site "Reykjavik ISL"]
[Date "2024.03.19"]
[Round "7.56"]
[White "Heppert, Lars"]
[Black "Mendes Aaron Reeve"]
[Result "0-1"]
[BlackTitle "FM"]
[WhiteElo "1981"]
[BlackElo "2309"]
[WhiteFideId "24668575"]
[BlackFideId "25954938"]
[EventDate "2024.03.15"]

1. Nf3 d5 2. e3 Nf6 3. c4 c6 4. Nc3 e6 5. b3 Bd6 6. Bb2 O-O 7. Qc2 e5 8. cxd5
cxd5 9. Be2 Nc6 10. Rd1 Re8 11. O-O a6 12. Rfe1 Bc7 13. d3 Bg4 14. a3 Qe7 15. e4
Bxf3 16. Bxf3 Nd4 17. Qb1 Nxf3+ 18. gxf3 d4 19. Ne2 Qe6 20. Kh1 Qxb3 21. Rg1 Bd6
22. Qc1 Nd7 23. Qh6 g6 24. Rc1 Bf8 25. Qh4 Nc5 26. f4 Nxd3 27. f5 Nxc1 28. Nxc1
Qf3+ 0-1

[Event "Reykjavik Open 2024"]
[Site "Reykjavik ISL"]
[Date "2024.03.19"]
[Round "7.57"]
[White "Bjornsson, Sigurbjorn"]
[Black "Mensing, Adrian"]
[Result "0-1"]
[WhiteTitle "FM"]
[WhiteElo "2305"]
[BlackElo "1980"]
[WhiteFideId "2300974"]
[BlackFideId "1043293"]
[EventDate "2024.03.15"]

1. e4 c5 2. Nf3 d6 3. d4 cxd4 4. Nxd4 Nf6 5. Nc3 a6 6. Bg5 e6 7. f4 Be7 8. Qf3
Qc7 9. O-O-O Nbd7 10. f5 Ne5 11. Qh3 O-O 12. Be2 h6 13. Bh4 b5 14. a3 Rb8 15.
fxe6 fxe6 16. g4 Nh7 17. Rhf1 Rxf1 18. Rxf1 b4 19. axb4 Ng5 20. Qe3 Rxb4 21. Bf2
Ngf7 22. h4 Nc4 23. Bxc4 Qxc4 24. Rd1 Ne5 25. Qg3 g5 26. hxg5 Bxg5+ 27. Be3
Bxe3+ 28. Qxe3 Rxb2 29. Kxb2 Qb4+ 30. Ka2 Nc4 31. Qc1 Qxc3 32. Rd3 Qb4 33. Nf3
Kh7 34. Rb3 Qa5+ 35. Kb1 e5 36. Qf1 Be6 37. Ng5+ Kg6 38. Nf3 Na3+ 39. Kb2 Bxb3
40. cxb3 Nb5 41. Qc4 Kf6 42. Qg8 Qc3+ 43. Kb1 Ke7 44. Qg7+ Kd8 45. Qf8+ Kc7 46.
Qe7+ Kb6 47. Qd8+ Kb7 48. Qe7+ Nc7 49. Nh4 Qxb3+ 50. Ka1 Qa4+ 51. Kb2 Qxe4 52.
Nf5 Qb4+ 53. Ka1 Qe1+ 54. Kb2 Qd2+ 55. Ka1 Kc6 56. Qd8 Nb5 57. Qa8+ Kb6 58. Ne7
e4 59. Qc6+ Ka5 60. Nd5 Qd4+ 61. Kb1 Qc5 62. Qxc5 dxc5 63. Ne3 Kb4 64. Nf5 Kc3
65. Kc1 Kd3 66. Nxh6 e3 67. Nf7 e2 68. Ne5+ Ke4 69. Kd2 Kxe5 70. Kxe2 Kf4 71.
Kd3 Nd6 0-1

[Event "Reykjavik Open 2024"]
[Site "Reykjavik ISL"]
[Date "2024.03.19"]
[Round "7.58"]
[White "Xu, Yuanyuan"]
[Black "Niebler, Paul"]
[Result "1-0"]
[WhiteTitle "WGM"]
[WhiteElo "2288"]
[BlackElo "1955"]
[WhiteFideId "8601089"]
[BlackFideId "12902730"]
[EventDate "2024.03.15"]

1. d4 d5 2. c4 e6 3. Nc3 c6 4. cxd5 exd5 5. Qc2 Nf6 6. Bg5 Be7 7. e3 O-O 8. Bd3
h6 9. Bh4 Re8 10. Nge2 Ne4 11. Bxe7 Qxe7 12. Bxe4 dxe4 13. Ng3 f5 14. O-O Be6
15. f3 Qg5 16. Rae1 Bc4 17. Ncxe4 fxe4 18. Qxc4+ Qd5 19. Qxd5+ cxd5 20. fxe4
dxe4 21. Rf4 Nd7 22. Rxe4 Rxe4 23. Nxe4 Rc8 24. Nc3 1-0

[Event "Reykjavik Open 2024"]
[Site "Reykjavik ISL"]
[Date "2024.03.19"]
[Round "7.59"]
[White "Unzicker, Ferdinand"]
[Black "Stark, John"]
[Result "1-0"]
[WhiteTitle "FM"]
[BlackTitle "CM"]
[WhiteElo "2284"]
[BlackElo "1947"]
[WhiteFideId "4619196"]
[BlackFideId "4300963"]
[EventDate "2024.03.15"]

1. Nf3 e6 2. c4 b6 3. g3 Bb7 4. Bg2 f5 5. O-O Nf6 6. d3 Be7 7. Nc3 O-O 8. b3 a5
9. Bb2 Na6 10. Qc2 Qe8 11. Rad1 Qh5 12. d4 Nb4 13. Qb1 Ne4 14. d5 exd5 15. Nxd5
Nxd5 16. cxd5 Ba6 17. Rfe1 Bb4 18. Nd4 Bxe1 19. Rxe1 Rfe8 20. Qc2 Rac8 21. Rd1
c5 22. Nf3 d6 23. e3 b5 24. Ba1 b4 25. Re1 Qf7 26. Nd2 Qxd5 27. Nxe4 fxe4 28.
Rd1 Qe6 29. Qb2 Rc7 30. Rc1 d5 31. Rxc5 Rec8 32. h4 Qf7 33. Bh3 Rf8 34. Be6 Qxe6
35. Rxc7 Rf7 36. Qc2 Rxc7 37. Qxc7 Qg6 38. h5 Qh6 1-0

[Event "Reykjavik Open 2024"]
[Site "Reykjavik ISL"]
[Date "2024.03.19"]
[Round "7.60"]
[White "Omarsson, Adam"]
[Black "Stanford, Maxim Barth"]
[Result "0-1"]
[BlackTitle "IM"]
[WhiteElo "1976"]
[BlackElo "2275"]
[WhiteFideId "2311453"]
[BlackFideId "408280"]
[EventDate "2024.03.15"]

1. d4 Nf6 2. c4 e6 3. Nc3 Bb4 4. e3 d5 5. Nf3 O-O 6. Bd3 c5 7. O-O Nc6 8. a3
Bxc3 9. bxc3 Qc7 10. Qe2 dxc4 11. Bxc4 e5 12. e4 cxd4 13. cxd4 Bg4 14. Bb2 exd4
15. Rac1 Rfe8 16. Bd3 Qf4 17. Qd2 Nh5 18. Bb5 Rxe4 19. Qxf4 Nxf4 20. Bxc6 Ne2+
21. Kh1 bxc6 22. Rxc6 Bxf3 23. gxf3 Re6 24. Rc4 Rd8 25. Rd1 h6 26. Rd2 d3 27.
Rb4 Rd5 28. Re4 Rg6 29. h4 Rb6 30. Rb4 Rxb4 31. axb4 Rh5 32. Be5 Rxe5 0-1

[Event "Reykjavik Open 2024"]
[Site "Reykjavik ISL"]
[Date "2024.03.19"]
[Round "7.61"]
[White "Bisby, Daniel L"]
[Black "Schmidt, Florian Pascal"]
[Result "1-0"]
[WhiteTitle "FM"]
[WhiteElo "2273"]
[BlackElo "1947"]
[WhiteFideId "404586"]
[BlackFideId "16256840"]
[EventDate "2024.03.15"]

1. e4 c6 2. d4 d5 3. e5 Bf5 4. h4 h5 5. Bd3 Bxd3 6. Qxd3 e6 7. Bg5 Ne7 8. Nf3
Nd7 9. Nbd2 f6 10. Bf4 Nf5 11. exf6 gxf6 12. O-O Kf7 13. Rfe1 Qe7 14. Re2 Bh6
15. Rae1 Ng7 16. Bh2 Nf8 17. c4 Ng6 18. cxd5 cxd5 19. Nb3 b6 20. Rc2 Rac8 21.
Nbd2 Bf4 22. Rec1 Bxh2+ 23. Kxh2 Qb7 24. g3 Ne7 25. Nb1 Rxc2 26. Rxc2 Rc8 27.
Nc3 Ngf5 28. Re2 Rc4 29. Nd1 Qc8 30. Ne3 Rc7 31. Ng2 Ng6 32. Qd2 Rc1 33. Ne3
Nxe3 34. Qxe3 Rc2 35. Rxc2 Qxc2 36. Kg2 Qc8 37. Qh6 Qh8 38. Qc1 Qd8 39. b4 Kg7
40. Qc6 Qe7 41. a3 Nh8 42. Ne1 Nf7 43. Nd3 Nd8 44. Qc8 e5 45. dxe5 fxe5 46. Qf5
e4 47. Nf4 d4 48. Nxh5+ Kh8 49. Nf4 Kg7 50. Nd5 1-0

[Event "Reykjavik Open 2024"]
[Site "Reykjavik ISL"]
[Date "2024.03.19"]
[Round "7.62"]
[White "Rathbone-Jones, Ifan"]
[Black "Povah, Nigel E"]
[Result "1-0"]
[BlackTitle "IM"]
[WhiteElo "1966"]
[BlackElo "2202"]
[WhiteFideId "1803859"]
[BlackFideId "400467"]
[EventDate "2024.03.15"]

1. d4 Nf6 2. Bf4 e6 3. Nf3 d5 4. e3 c5 5. c3 Bd6 6. Bg3 O-O 7. Bd3 Qc7 8. Nbd2
Nbd7 9. Qe2 e5 10. dxe5 Nxe5 11. Nxe5 Bxe5 12. Nf3 Bd6 13. Rd1 Re8 14. Bb1 Bxg3
15. hxg3 h6 16. Rh4 Bg4 17. Qc2 Re4 18. Rxd5 Bxf3 19. gxf3 Rxe3+ 20. Kf1 Rxf3
21. Kg2 Qc6 22. c4 b5 23. Qd1 Nxd5 24. cxd5 Rxf2+ 25. Kxf2 Qf6+ 26. Kg1 Qxb2 27.
Re4 Rd8 28. Qe1 Kf8 29. Kh1 g6 30. Re2 Qf6 31. Be4 c4 32. Qb4+ Kg8 33. Bg2 a6
34. Re1 Kg7 35. a4 Qf2 36. Qc3+ Qf6 37. Qb4 Qf2 38. Qc3+ Qf6 39. Qa5 Rd6 40. Rf1
Qe5 41. Qc7 Qh5+ 42. Kg1 Rf6 43. Rxf6 Kxf6 44. Qb6+ Ke5 45. Qe3+ Kd6 46. Qa3+
Kd7 47. axb5 Qd1+ 48. Kh2 axb5 49. Qc5 Kd8 50. Qf8+ Kc7 51. Qxf7+ Kb6 52. Qf2+
Ka5 53. Qa2+ Kb4 54. Qb2+ Kc5 55. Qa3+ Kb6 56. Qe3+ Ka5 57. Qa7+ Kb4 58. Qe7+
Kb3 59. d6 c3 60. d7 c2 61. d8=Q Qxd8 62. Qxd8 c1=Q 63. Qd3+ Ka4 64. Qxg6 Qd2
65. Qa6+ Kb4 66. Qf6 Ka3 67. Qf4 Qc2 68. Qe3+ Ka2 69. Qe6+ Ka3 70. Qa6+ Kb4 71.
Qxh6 Ka5 72. Qd6 Qh7+ 73. Kg1 Qa7+ 74. Kf1 Qe3 75. Qc7+ 1-0

[Event "Reykjavik Open 2024"]
[Site "Reykjavik ISL"]
[Date "2024.03.19"]
[Round "7.63"]
[White "Zhou, David"]
[Black "Birkisson, Bardur Orn"]
[Result "1-0"]
[BlackTitle "CM"]
[WhiteElo "1954"]
[BlackElo "2189"]
[WhiteFideId "2623234"]
[BlackFideId "2310597"]
[EventDate "2024.03.15"]

1. d4 d5 2. c4 c6 3. Nf3 Nf6 4. e3 Bf5 5. Nc3 e6 6. Nh4 Be4 7. f3 Bg6 8. Qb3 Qc7
9. Bd2 Be7 10. Rc1 Nbd7 11. g3 a6 12. cxd5 Nxd5 13. Nxg6 hxg6 14. e4 Nxc3 15.
bxc3 O-O 16. Bd3 Rae8 17. Kf2 c5 18. Qb1 e5 19. Kg2 c4 20. Bc2 b5 21. f4 exd4
22. cxd4 c3 23. Bb3 Qa5 24. Be3 Nb6 25. h4 Nc4 26. Qd3 Ba3 27. Rc2 Bb4 28. Kg1
Qb6 29. h5 Nxe3 30. Qxe3 Rd8 31. hxg6 Qxd4 32. Qxd4 Rxd4 33. Rch2 1-0

[Event "Reykjavik Open 2024"]
[Site "Reykjavik ISL"]
[Date "2024.03.19"]
[Round "7.64"]
[White "Doran, Chris"]
[Black "Karamsetty, Jeevan"]
[Result "0-1"]
[BlackTitle "FM"]
[WhiteElo "1947"]
[BlackElo "2187"]
[WhiteFideId "503835"]
[BlackFideId "2025337"]
[EventDate "2024.03.15"]

1. e4 e5 2. Nf3 d6 3. d4 exd4 4. Nxd4 Nf6 5. Nc3 Be7 6. Bc4 O-O 7. Bb3 c5 8. Nf5
Bxf5 9. exf5 Qc8 10. Nd5 Bd8 11. Qf3 Nc6 12. c3 Re8+ 13. Ne3 Ne5 14. Qd1 c4 15.
Bc2 d5 16. O-O Qc6 17. h3 Bc7 18. Ng4 Nexg4 19. hxg4 Rad8 20. Bg5 b5 21. Qf3 Rd7
22. Rfe1 Ne4 23. Bxe4 dxe4 24. Qh3 Rd3 25. Qh5 Bb6 26. Be3 Bxe3 27. Rxe3 Rxe3
28. fxe3 Qd6 29. g5 Qg3 30. Rd1 Qxe3+ 31. Kh1 Qf4 32. f6 gxf6 33. gxf6 Qxf6 34.
Rd5 e3 35. Rf5 Qg6 36. Rg5 e2 37. Rxg6+ hxg6 0-1

[Event "Reykjavik Open 2024"]
[Site "Reykjavik ISL"]
[Date "2024.03.19"]
[Round "7.65"]
[White "Loncke, Matthieu"]
[Black "Honey, Luke Anthony"]
[Result "0-1"]
[WhiteElo "2175"]
[BlackElo "1939"]
[WhiteFideId "45197148"]
[BlackFideId "343403425"]
[EventDate "2024.03.15"]

1. d4 d5 2. c4 c6 3. Nc3 Nf6 4. Nf3 dxc4 5. a4 Bf5 6. Nh4 e6 7. Nxf5 exf5 8. e3
Bb4 9. Bxc4 O-O 10. O-O Qe7 11. Qc2 g6 12. f3 c5 13. Na2 Nc6 14. d5 Ne5 15. b3
Ba5 16. Bb2 Nxc4 17. bxc4 Qxe3+ 18. Kh1 Nd7 19. Nc1 Rae8 20. Nd3 Qd2 21. Qxd2
Bxd2 22. Ba3 b6 23. Ra2 Bc3 24. Rc2 Bd4 25. Bc1 Kg7 26. Bf4 h6 27. g3 g5 28. Bc1
Re7 29. Re1 Rfe8 30. Rxe7 Rxe7 31. Kg2 Nf6 32. h4 Kg6 33. hxg5 hxg5 34. Kf1 Ne8
35. f4 f6 36. Ne1 Re4 37. Nf3 Be3 38. Bxe3 Rxe3 39. Kf2 Re7 40. Re2 Rxe2+ 41.
Kxe2 Nd6 42. Nd2 gxf4 43. gxf4 Kh5 44. Kf3 Kh4 45. Kf2 Kg4 46. Ke3 a6 47. Kd3
Kxf4 48. a5 bxa5 49. Nb3 Nb7 50. Nxc5 Nxc5+ 51. Kd4 Nb3+ 52. Kc3 a4 53. d6 Nc5
54. Kb4 Nb7 55. c5 Ke5 0-1

[Event "Reykjavik Open 2024"]
[Site "Reykjavik ISL"]
[Date "2024.03.19"]
[Round "7.67"]
[White "Eliasson, Kristjan Orn"]
[Black "Eriksson, Jorgen"]
[Result "0-1"]
[WhiteElo "1902"]
[BlackElo "2154"]
[WhiteFideId "2301784"]
[BlackFideId "1701967"]
[EventDate "2024.03.15"]

1. e4 c5 2. Nc3 Nc6 3. Nf3 e6 4. d3 a6 5. Bf4 d6 6. h3 Nf6 7. Qd2 Be7 8. a3 Qc7
9. g4 Nd7 10. Bg2 Nde5 11. Nxe5 dxe5 12. Be3 Bd7 13. g5 Nd4 14. O-O O-O 15. Qd1
f6 16. gxf6 Rxf6 17. Bg5 Rf7 18. Bxe7 Rxe7 19. Ne2 Rf8 20. b3 Ref7 21. Ng3 Be8
22. a4 b6 23. Ra2 Qd8 24. c3 Nf3+ 25. Bxf3 Rxf3 26. Rd2 Qh4 27. Kg2 Bh5 28. Qe1
R3f4 29. Nxh5 Qxh5 30. Rh1 R8f6 31. d4 Qf3+ 32. Kh2 Rh4 33. Qf1 Qf4+ 0-1

[Event "Reykjavik Open 2024"]
[Site "Reykjavik ISL"]
[Date "2024.03.19"]
[Round "7.68"]
[White "Spencer, Aaron"]
[Black "Bergsson, Stefan"]
[Result "1-0"]
[WhiteElo "1899"]
[BlackElo "2144"]
[WhiteFideId "2061368"]
[BlackFideId "2301393"]
[EventDate "2024.03.15"]

1. d4 Nf6 2. c4 g6 3. Nc3 Bg7 4. e4 d6 5. Be2 O-O 6. Bg5 c5 7. d5 h6 8. Bf4 e6
9. dxe6 Bxe6 10. Bxd6 Re8 11. Nf3 Nc6 12. O-O Qa5 13. a3 Nd4 14. Nxd4 cxd4 15.
Qxd4 Nd5 16. e5 Ne7 17. b4 Qd8 18. Rad1 Nf5 19. Qf4 a6 20. Bf8 Bxf8 21. Rxd8
Rexd8 22. c5 Rd4 23. Ne4 Be7 24. g4 Bg5 25. Qf3 Bd5 26. gxf5 Bxe4 27. Qc3 Rd2
28. fxg6 Bxg6 29. Bc4 Rc2 30. Qb3 a5 31. Bxf7+ Kg7 32. Qg3 Kxf7 33. f4 Rg8 34.
fxg5+ Ke7 35. Qf3 Ke6 36. Qf6+ Kd5 37. Qd6+ Ke4 38. Re1+ Kf5 39. Qf6+ Kg4 40.
Qe6+ Kf3 41. Qxg8 Rg2+ 42. Kh1 Rxg5 43. Qf8+ 1-0

[Event "Reykjavik Open 2024"]
[Site "Reykjavik ISL"]
[Date "2024.03.19"]
[Round "7.69"]
[White "Mueller, Magnus"]
[Black "Kjartansson, Matthias Bjorgvin"]
[Result "0-1"]
[WhiteElo "2144"]
[BlackElo "1893"]
[WhiteFideId "16230060"]
[BlackFideId "2319225"]
[EventDate "2024.03.15"]

1. d4 Nf6 2. Bf4 d5 3. e3 Bf5 4. Bd3 Bg6 5. f3 e6 6. Nc3 Bb4 7. Ne2 Nbd7 8. g4
c5 9. h4 cxd4 10. exd4 a6 11. h5 Bxd3 12. Qxd3 h6 13. O-O-O Nb6 14. a3 Bd6 15.
Bxd6 Qxd6 16. Kb1 O-O-O 17. Ka2 Kb8 18. b3 Rd7 19. Qe3 Rc8 20. Qe5 Ka7 21. Qxd6
Rxd6 22. Kb2 Rdc6 23. Rd2 Ne8 24. Nd1 Nd6 25. Ne3 Nd7 26. Rg1 Nf6 27. Nf4 Nh7
28. Rf1 Ng5 29. a4 Rb6 30. Rd3 Rbc6 31. Rd2 Rb6 32. Ka2 Rbc6 33. Nd3 Rc3 34. Re2
R3c7 35. Kb2 b6 36. Kc1 Rc3 37. Kd2 R3c7 38. Ree1 Nb7 39. Rc1 Na5 40. Ke2 Nc6
41. c3 Na5 42. b4 Nb3 43. Nd1 Nxc1+ 44. Nxc1 Rxc3 45. Nxc3 Rxc3 46. Nd3 Kb7 47.
f4 Ne4 48. Ke3 Nd6 49. Rc1 Nc4+ 50. Ke2 Rxc1 51. Nxc1 Nb2 52. g5 Nxa4 53. Nd3
Nc3+ 54. Ke1 Ne4 55. gxh6 gxh6 56. f5 exf5 57. Ne5 Ng5 58. Kd2 f4 59. Nd3 Ne4+
60. Ke2 Ng3+ 61. Kf3 Nxh5 62. Kg4 Ng7 63. Kxf4 f6 64. Nf2 h5 65. Nd1 Kc6 66. Nc3
Ne6+ 0-1

[Event "Reykjavik Open 2024"]
[Site "Reykjavik ISL"]
[Date "2024.03.19"]
[Round "7.70"]
[White "Hauksdottir, Hrund"]
[Black "Gramb, Marius"]
[Result "0-1"]
[WhiteElo "1859"]
[BlackElo "2142"]
[WhiteFideId "2302608"]
[BlackFideId "24656593"]
[EventDate "2024.03.15"]

1. e4 e5 2. Nf3 Nc6 3. Bc4 Nf6 4. d3 h6 5. c3 d6 6. Nbd2 g6 7. b4 Bg7 8. Bb3 O-O
9. O-O Re8 10. Re1 d5 11. Ba4 Bd7 12. Bb2 Nb8 13. Bb3 c6 14. a3 Qc7 15. c4 d4
16. c5 Be6 17. Nc4 Nbd7 18. Rc1 Nh5 19. Nd6 Re7 20. Bxe6 Rxe6 21. Nh4 Nf4 22. g3
Nh5 23. Rf1 b6 24. f4 exf4 25. gxf4 bxc5 26. bxc5 Nxc5 27. Nxf7 Qxf7 28. Rxc5
Nxf4 29. Qg4 g5 30. Nf5 Rf8 31. Bxd4 h5 32. Qf3 Bxd4+ 33. Nxd4 Rg6 34. Rf5 Qd7
35. Rxf8+ Kxf8 36. Ne2 Rf6 37. Nxf4 Rxf4 38. Qe3 Qg4+ 39. Qg3 Rxf1+ 40. Kxf1
Qxg3 41. hxg3 c5 42. Kf2 Ke7 43. a4 a5 44. Ke3 Ke6 45. Ke2 Kd6 46. Kf3 Ke5 47.
Ke3 g4 48. Ke2 c4 49. dxc4 Kxe4 50. c5 Kd5 51. Ke3 Kxc5 52. Kf4 Kb4 53. Kg5 Kxa4
54. Kxh5 Kb4 55. Kxg4 a4 0-1

[Event "Reykjavik Open 2024"]
[Site "Reykjavik ISL"]
[Date "2024.03.19"]
[Round "7.71"]
[White "MacKinnon, Keith"]
[Black "Tinkler, Paul"]
[Result "1-0"]
[WhiteElo "2142"]
[BlackElo "1872"]
[WhiteFideId "2601990"]
[BlackFideId "30961289"]
[EventDate "2024.03.15"]

1. e4 e6 2. d4 d5 3. Nd2 Nf6 4. e5 Nfd7 5. c3 c5 6. Bd3 Nc6 7. Ngf3 Be7 8. O-O
g5 9. dxc5 Nxc5 10. Bc2 g4 11. Nd4 Nxe5 12. f4 Nc6 13. Qxg4 e5 14. Nf5 e4 15.
Qh5 Bxf5 16. Qxf5 Qd7 17. Qh5 O-O-O 18. b4 Ne6 19. Nb3 Ng7 20. Qe2 Bf6 21. b5
Ne7 22. Be3 Kb8 23. Qf2 Nc8 24. Nc5 Qe7 25. f5 Ne8 26. Bd4 Bxd4 27. Qxd4 Qf6 28.
Rad1 Qxd4+ 29. Rxd4 Nf6 30. Bb3 Ne7 31. c4 b6 32. Na6+ Kb7 33. cxd5 Rd6 34. Nb4
Rhd8 35. h3 h5 36. Nc6 Re8 37. Ne5 Rf8 38. Kh2 Nd7 39. Nxd7 Rxd7 40. Rxe4 Nxd5
41. Rd1 Rfd8 42. Red4 1-0

[Event "Reykjavik Open 2024"]
[Site "Reykjavik ISL"]
[Date "2024.03.19"]
[Round "7.72"]
[White "Payne, Matthew J"]
[Black "Manenschijn, Wouter"]
[Result "1/2-1/2"]
[WhiteElo "2077"]
[BlackElo "1864"]
[WhiteFideId "417084"]
[BlackFideId "1043366"]
[EventDate "2024.03.15"]

1. e4 e5 2. Nf3 Nc6 3. Bc4 Nf6 4. d4 exd4 5. e5 d5 6. Bb5 Ne4 7. Nxd4 Bc5 8. Be3
O-O 9. Nxc6 bxc6 10. Bxc5 Nxc5 11. Bxc6 Rb8 12. Qxd5 Qe7 13. O-O Rd8 14. Qf3
Rxb2 15. Nc3 Rxc2 16. Nd5 Qg5 17. Rad1 Ne6 18. g3 Rd2 19. Qc3 Rxd1 20. Rxd1 Kh8
21. f4 Nxf4 22. Qf3 Nxd5 23. Rxd5 Rxd5 24. Qxd5 1/2-1/2

[Event "Reykjavik Open 2024"]
[Site "Reykjavik ISL"]
[Date "2024.03.19"]
[Round "7.73"]
[White "Wong-Godfrey, Emerson P"]
[Black "Jaksland, Tim"]
[Result "1/2-1/2"]
[BlackTitle "FM"]
[WhiteElo "1799"]
[BlackElo "2076"]
[WhiteFideId "30996309"]
[BlackFideId "1401084"]
[EventDate "2024.03.15"]

1. e4 e5 2. Nf3 Nc6 3. Bc4 Nf6 4. d4 exd4 5. e5 d5 6. Bb5 Nd7 7. O-O Be7 8. Re1
O-O 9. Bxc6 bxc6 10. Nxd4 Nb8 11. f4 c5 12. Nb3 Nc6 13. Be3 d4 14. Bf2 a5 15.
N1d2 a4 16. Nc1 Qd5 17. Ne2 f5 18. c4 Qe6 19. a3 Bb7 20. Qc2 Rfd8 21. Nc1 Qg6
22. Bg3 Qe6 23. Nd3 Rdb8 24. b3 Na5 25. b4 cxb4 26. axb4 Nb3 27. Nxb3 axb3 28.
Rxa8 Bxa8 29. Qxb3 Bxb4 30. Ra1 c5 31. Nxb4 cxb4 32. Ra2 Be4 33. Bf2 d3 34. Bc5
Qc6 35. Bd6 Rc8 36. Qxb4 Qxc4 37. Qxc4+ Rxc4 38. Rd2 Kf7 39. Kf2 Ke6 40. Ke3 Kd5
41. g3 Rc1 42. Ba3 Rf1 43. Rf2 Re1+ 44. Kd2 Rb1 45. Ke3 g6 46. Rd2 h5 47. Kf2
Rb7 48. Ke3 Ra7 49. Bd6 h4 50. Rb2 hxg3 51. hxg3 Ra1 52. Be7 Rg1 53. Bh4 Rf1 54.
Rf2 Rxf2 55. Kxf2 Kc4 56. Bd8 Kd5 1/2-1/2